| 000 | 00419nam a22001337a 4500 | ||
|---|---|---|---|
| 999 |
_c8373 _d8374 |
||
| 008 | 191106b ||||| |||| 00| 0 eng d | ||
| 020 | _a9879463950121 | ||
| 082 | _a333.7 MON | ||
| 100 | _aMontes, Jesse | ||
| 245 |
_aEnvironmental Governance in Bhutan ; _bEcotourism, Environmentality and Cosmological Subjectivities |
||
| 260 |
_aNetherland ; _bWagening University, _c2019. |
||
| 300 |
_av, 148 p _c24 cm. |
||
| 942 | _2ddc | ||